Nil admirari, or, A smile at a bishop : occasioned by an hyperbolical eulogy on Miss Hannah More, by Dr. Porteus,

Bibliographic Details
Main Author: Pindar, Peter, 1738-1819 (Author)
Corporate Author: Adam Matthew Digital (Firm) (digitiser.)
Format: eBook
Language:English
Published: London : West and Hughes, 2020.
Edition:First edition.
Series:AM Scholar: Women's Studies.
Subjects:
Online Access:Connect to the full text of this electronic book

MARC

Tag First Indicator Second Indicator Subfields
LEADER 00000cam a2200000Mi 4500
001 in00005489813
006 m o d
007 cr |||||||||||
008 200615s1799 enk fo 000 0 eng d
005 20240917182452.3
035 |a (OCoLC)on1244009085 
040 |a UKAMD  |b eng  |e rda  |e pn  |c UKAMD  |d OCLCF  |d OCLCO  |d OCLCL 
035 |a (OCoLC)1244009085 
050 4 |a PR3765.W7 
082 0 4 |a 828.709  |2 23 
049 |a TXAM 
100 1 |a Pindar, Peter,  |d 1738-1819,  |e author. 
245 1 0 |a Nil admirari, or, A smile at a bishop :  |b occasioned by an hyperbolical eulogy on Miss Hannah More, by Dr. Porteus,  |f 1799 /  |c by Peter Pindar, Esq. 
250 |a First edition. 
264 1 |a London :  |b West and Hughes,  |c 2020. 
300 |a 1 online resource (1 volume (ii, 64 pages)). 
336 |a text  |b txt  |2 rdacontent 
337 |a computer  |b c  |2 rdamedia 
338 |a online resource  |b cr  |2 rdacarrier 
490 1 |a AM Scholar: Women's Studies. 
500 |a "Collection: Women, Morality and Advice Literature: Manuscripts and Rare Printed Works of Hannah More (1745-1833) and her circle"--Home page. 
500 |a "Original Microfilm Part: Part 2: Gift Books, Memoirs, Pamphlets and the Cheap Repository Tracts"--Home page. 
500 |a "Original Microfilm Reel: 23"--Home page. 
521 |a Specialized. 
535 1 |a The Clark Library, University of California Los Angeles 
542 |f Material sourced from The Clark Library, University of Los Angeles. 
588 |a Description based on online resource; title from home page (viewed on June 15, 2020). 
600 1 0 |a More, Hannah,  |d 1745-1833. 
600 1 0 |a Porteus, Beilby,  |d 1731-1809. 
600 1 7 |a More, Hannah,  |d 1745-1833  |2 fast  |1 https://id.oclc.org/worldcat/entity/E39PBJpYx8gHQbMyx9CgXmrg8C 
600 1 7 |a Porteus, Beilby,  |d 1731-1809  |2 fast  |1 https://id.oclc.org/worldcat/entity/E39PBJghkb6YgDxvFjrwfmfyVC 
655 7 |a Electronic books.  |2 local 
710 2 |a Adam Matthew Digital (Firm),  |e digitiser. 
758 |i has work:  |a 1799 Nil admirari, or, A smile at a bishop (Text)  |1 https://id.oclc.org/worldcat/entity/E39PCG7d6GKK6mbr8Kx3RD3Xq3  |4 https://id.oclc.org/worldcat/ontology/hasWork 
830 0 |a AM Scholar: Women's Studies. 
856 4 0 |u http://proxy.library.tamu.edu/login?url=https://www.amscholar.amdigital.co.uk/Documents/Details/WomenMoralityAndAdviceLiterature_Part2_Reel23_Vol3  |z Connect to the full text of this electronic book  |t 0 
955 |a Adam Matthew Scholar Women's Studies 
994 |a 92  |b TXA 
999 f f |s 14313856-36fd-4467-8cc8-18ed3a24b572  |i b70c5024-1c3d-40cc-bf72-7ebb007b7b7e  |t 0 
952 f f |a Texas A&M University  |b College Station  |c Electronic Resources  |d Available Online  |t 0  |e PR3765.W7   |h Library of Congress classification 
998 f f |a PR3765.W7   |t 0  |l Available Online